000 00873nam a22002297a 4500
999 _c980
_d980
003 AR-CdUCM
008 190226b ||||| |||| 00| 0 spa d
020 _a968816089X
040 _aMUNICIPALIDAD PROVINCIAL DEL CUSCO
_cBIBLIOTECA MUNICIPAL DEL CUSCO
082 _a974.5 /
_bV27
100 _aValle Arizpe, Artemio de
_93822
245 _aHistoria de la Ciudad de México según el relato de sus cronistas /
260 _aMéxico, D.F :
_bEdiciones Gubernamentales ,
_c1988.
300 _a259 páginas ;
_c21 cm.
440 _aColección Distrito Federal
_n19
_93823
505 _aFray Diego Durán -- Bernal Díaz del Castillo -- Hernando Cortés -- El conquistador anónimo -- Manuel Ramírez Aparicio ...
650 _aSiglo XVI
_9326
650 _aDescripciones y viajes
_9497
650 _aNueva España
_93824
942 _2ddc
_cLIBROS
945 _araen
_d2019-02-26